000 00436 a2200157 4500
999 _c3101
_d3101
020 _a9781910019450
050 _aKD495 KEM 2014
100 _aKempton, Jacqueline
_eauthor
245 _aAccounts for solicitors /
_cJacqueline Kempton
264 _aPortsmouth :
_bCollege law publishing
_c2014
300 _a224p.:
500 _aIncludes index.
650 _aAccounts
700 _aLesley King
_eauthor
942 _2lcc
_cBK
_h495
_iKEM
_k2014